01524cam a2200373 i 4500001001000000003001000010005001700020007000300037008004100040020001500081040004100096041000800137042000800145082002300153100003200176245008700208260002700295264004500322264001200367300002800379336002700407337003300434338002800467504006700495505032300562563001400885630005300899653001900952653002000971942000700991945001200998952012301010999001701133768714001CO-MdFUSB20230810104410.0ta010927t2001 mou g b 001 0 eng  a0827236409 aDLCcCO-MdFUSBbspadCO-MdFUSBCerda aeng apcc 223a222.5092bB8891 aBrueggemann, Walter.eautor1 aTestimony to otherwise b: the witness of Elijah and Elisha c/ Walter Brueggemann bChalice Press,cc2001. 1aSt. Louis, Mo. :bChalice Press,c[2001] 4c© 2001 a140 páginas ;c22 cm. 2rdacontentatextobtxt 2rdamediaasin mediaciónbn 2rdacarrieravolumenbnc aIncluye referencias bibliográficas (pp. 131-137) e índice. aUn "O" imaginativo: la predicación del Antiguo Testamento. -- La fidelidad del "de otro modo". -- Milagro y alojamiento: la historia de un militar (2 Reyes 5:1-27). -- La Buena Nueva del Pan (2 Reyes 6:24-7:20). -- Cuéntame todas las cosas grandes (2 Reyes 8:1-6). -- El exagerado "O" profético (1 Reyes 20:1-43) aRústico07aBiblia.pReyesxCrítica, interpretación, etc aEliseo profeta aElías profeta cBK aJTF-925 00102ddc40708GENaFUSBCbFUSBCd2023-03-11l0oG 222.5092 B889tp24279r2023-03-11 00:00:00tEj. 1yBKk1IINV2023 c68579d68579